000 00741cam a2200265 4500
001 sa 68019960
003 DLC
005 20260227112721.0
008 730220s1968 ii 000 0 eng
010 _asa 68019960
025 _aPL480:I-E-11137
040 _aDLC
_cDLC
_dDLC
043 _aa-ii---
050 0 0 _aHD8039.T42
_bI457
082 0 0 _a331.7/67/700954792
110 1 _aMaharashtra, India (State).
_bBadli Labour Inquiry Committee.
245 0 0 _aReport, 1967.
260 _aBombay,
_bPrinted at the Govt. Central Press,
_c1968.
300 _a55 p.
_c22 cm.
350 _aRe0.45
500 _aCover title.
500 _aChairman: K. R. Wazkar.
650 0 _aTextile workers
_zIndia
_zMaharashtra.
700 1 _aWazkar, K. R.
999 _c89164
_d89164